Радой (Запис номер 158428)
[ съкратено ]
| 000 -Лидер | |
|---|---|
| Контролно поле с фиксирана дължина | 03834nam a2200433 c 4500 |
| 003 - Код на организацията, давaща контролен номер | |
| Контролно поле | BLK |
| 005 - Дата и час на последна редакция | |
| Контролно поле | 20241113095425.0 |
| 008 - Елементи от данни с фиксирана дължина | |
| fixed length control field | 180410b bul|||||r ||||||| ||bul|| |
| 010 ## - Наследен системен номер | |
| LC control number | KNG00165473000 |
| 020 ## - Международен стандартен номер на книга ISBN | |
| Международен стандартен номер на книга ISBN | 978-619-152-194-4 |
| -- | издат.: Изток-Запад - (подв.) |
| 040 ## - Източник на каталожния запис | |
| Идентификатор на билиотеката - собственик на записа | BLK |
| 041 ## - Код за език | |
| Код за езика на текст/звукозапис или на отделно заглавие | Български |
| Код за езика КДБФ | Български |
| 072 #7 - Код за тематичната категория | |
| Код организация | bullib |
| Код за тематична категория | Н82 |
| Текст | Литературознание Н |
| 080 ## - УДК | |
| Текстов определител УДК | Българска литература |
| УДК код - определител по УДК | 821.163.2 |
| УДК определител | (092) |
| УДК - код + определител | 821.163.2(092) |
| 080 ## - УДК | |
| Текстов определител УДК | Органи на обществения ред. Полиция. Обществена власт. Доброволни отреди. Държавна сигурност. Милиция. Дейност на полицията по вътрешно разузнаване |
| УДК код - определител по УДК | 351.74 |
| УДК определител | (497.2) |
| УДК - код + определител | 351.74(497.2) |
| 080 ## - УДК | |
| Текстов определител УДК | Димитър Стефанов Стоянов. Български писател, поет, сатирик и дисидент |
| УДК код - определител по УДК | 929 Ралин, Радой |
| УДК определител | |
| УДК - код + определител | 929 Ралин, Радой |
| 100 1# - Редна дума - Автор | |
| Автор | Стоянова, Таня |
| Авторска отговорност | първи автор |
| R(LIN) | 381459 |
| 139 ## - Редно поле | |
| Редна дума | Стоянова, Таня и др. |
| Авторски знак | Рал - Р 32 |
| 245 10 - Сведения за заглавието | |
| Заглавие | Радой |
| Подзаглавни данни | Смутителят на реда и тоягата на властта |
| Редно поле (дума) | Таня Стоянова; съавт. Стефан Димитров Стоянов. |
| 257 ## - Страна на издаване | |
| Страна на създаване/издаване | България |
| 260 ## - Област на издателските данни | |
| -- | София |
| Име на издателя, разпространителя и проч. | Изток-Запад |
| Година на издаване | 2013 |
| 300 ## - Физическа характеристика | |
| Страници | 728 с. |
| Илюстрации и др. | с портр., ил., факс. |
| Размери/Мащаб | 25 см |
| Съпровождащи материали | CD |
| 380 ## - Жанр | |
| Жанр | Литературознание |
| 500 ## - Общи забележки | |
| Забележка | Прил. е CD със загл. 80 минути с Радой и сигн. CD 3818. - Съдържа и за авт. |
| 600 14 - Име на лице, използвано като предмет | |
| За него / За нея | Ралин, Радой |
| Свързани дати | 23.04.2922 – 21.07.2004 |
| Друга информация | Радой Ралин е псевдоним на Димитър Стоянов – български писател, поет, сатирик, дисидент, известен с творчество, изтъкващо ценностите на свободата. Правнук е на Таньо Стоянов, който е сподвижник на Васил Левски и приятел на Стефан Караджа. Сатиричните творби на Ралин са изключително популярни. Характерна за епиграмното му изкуство е книгата „Люти чушки“, изгорена през 1968 г. в пещите на Полиграфическия комбинат в София, с няколко издания в чужбина на български език. Радой Ралин възражда нетрадиционните за българската сатира кратки жанрови форми – апострофа, афоризма, сатиричната парабола; разширява жанровата територия на съвременната сатира, вътрешновидовото богатство с уникалните си думи – хибриди. Ралин работи активно във всички жанрове на сатиричното изкуство. Член на Съюза на българските писатели. |
| Пълна форма на името | Радой Ралин |
| 9 (RLIN) | 243655 |
| 650 #4 - Допълнително описание по предмет – тема | |
| Основно описание – тема или топоним | Ралин, Радой |
| 9 (RLIN) | 243655 |
| 650 #4 - Допълнително описание по предмет – тема | |
| Основно описание – тема или топоним | Държавна сигурност - България |
| 9 (RLIN) | 254494 |
| 650 #4 - Допълнително описание по предмет – тема | |
| Основно описание – тема или топоним | Политически репресии - България |
| 9 (RLIN) | 273695 |
| 651 #4 - Допълнително описание по предмет - топоним | |
| Географско понятие | България |
| 9 (RLIN) | 241624 |
| 653 ## - Ключова дума – ненормативна | |
| Ключова дума | Радой Ралин |
| 659 ## - Тематичен бюлетин | |
| Тематичен бюлетин | Н |
| 700 1# - Други автори (авторска отговорност) | |
| Лично име | Стоянов, Стефан Димитров |
| Автороска отговорност (Описва отношението между автора и произведението) | съавт. |
| 9 (RLIN) | 334097 |
| 852 ## - Местоположение | |
| Форматна сигнатура | Цб 270996 |
| 856 4# - Електронен адрес и достъп | |
| Електронен формат | pdf - файл |
| Път до файла /url/ | |
| 856 4# - Електронен адрес и достъп | |
| Електронен формат | pdf - файл |
| Път до файла /url/ | |
| 942 ## - АРТИКУЛИ | |
| Вид на библиотечния материал | Книги |
| Скрит в OPAC | Не |
| Koha issues (borrowed), all copies | 9 |
| 944 ## - СЪЗДАВАНЕ И РЕДАКЦИЯ на ЗАПИСА | |
| Създаване/Редакция | Създаване |
| Дата на регистрацията/редакция | 01.10.2014 |
| Статус, дата на статуса | Минев Младен |
| Служител, извършил регистрацията/редакцията | 30530 |
| 944 ## - СЪЗДАВАНЕ И РЕДАКЦИЯ на ЗАПИСА | |
| Създаване/Редакция | Редакция |
| Дата на регистрацията/редакция | 03.12.2014 |
| Статус, дата на статуса | ф / |
| Служител, извършил регистрацията/редакцията | Людмила_Стоянова |
| 999 ## - СИСТЕМНИ КОНТРОЛНИ НОМЕРА | |
| Koha biblionumber | 158428 |
| Koha biblioitemnumber | 158428 |
| Код за отписване | Код за изгубен артикул | Код за повреда | Коз за рестрикции | Код за отдаване | Артикулен № | Име на библиотеката - собственик | Име на библиотеката, в която се намира в момента | Статус (Текущо местоположение) | Дата на вписване в системата | Местоположение - отдел | Цена в лева | Инвентарен номер | Систематично азбучна сигнатура | Баркод | Номер на екземпляра | Цена в евро | Служебна бележка | Служебен тип на артикула | Източник на класификационната схема |
|---|---|---|---|---|---|---|---|---|---|---|---|---|---|---|---|---|---|---|---|
| Не е изгубен | Не е повреден | без рестрикции | ползва се в читалня | 264974 | Регионална библиотека "Любен Каравелов" Русе | Регионална библиотека "Любен Каравелов" Русе | Хранилище | 2014-10-03 | Хранилище | 35.00 | 120000781284 | Цб 270996 | 120000781284 | 1 | 17.90 | Дост: Dp Вид: Д N: 3 Дата: 24.01.2014 | Книги | ||
| Не е изгубен | Не е повреден | без рестрикции | заемане за дома | 264975 | Регионална библиотека "Любен Каравелов" Русе | Регионална библиотека "Любен Каравелов" Русе | Заемна - подръчен фонд | 2014-11-29 | Заемна - подръчен фонд | 30.00 | 120000783247 | П 886.7(092)/Р 32 | 120000783247 | 2 | 15.34 | Дост: Pk Вид: Ф N: 418 Дата: 22.11.2014 Дата инв: 07.02.2018 Бележки инв: П2018 | Книги | Universal Decimal Classification |